Statistics for Top 20 Most Popular Car Brands In The U.S.

Click here to take the quiz!

General Stats

  • This quiz has been taken 1,488 times
  • The average score is 11 of 20

Answer Stats

RankCar Brand% Correct
6Ford
91%
2Toyota
90%
1Honda
80%
7BMW
75%
3Chevrolet
74%
5Mercedes-Benz
73%
14Volkswagen
64%
13Audi
63%
10Nissan
61%
20Dodge
58%
4Jeep
52%
16General Motors
51%
8Porsche
50%
15Ferrari
49%
9Subaru
43%
18Volvo
39%
11Cadillac
38%
12Lexus
36%
17Jaguar
30%
19GMC
21%

Score Distribution

Percentile by Number Answered

Percent of People with Each Score

Your Score History

You have not taken this quiz